000 00721nam a22002417a 4500
003 UA-OsUOA
001 28583
007 ta
008 20050412b un ||||| |||| 00| 0 ukr d
090 _a34(477)(035)
_bL43
942 _cBK
040 _aUA-OsUOA
_brus
_cUA-OsUOA
_dUA-OsUOA
245 _aLexQuorum. Юридические страницы 2003
_bЮридический справочник
_cРед. О. Б.Стрельченко М. В.Попович
300 _a584 с.
_bІлюстрації
955 _a0
041 _arus
080 _a34(477)(035)
020 _a966-8042-05-0
260 _aК.
_bЮридический справочник
_c2003
044 _aUA
650 7 _2UDC
999 _c314952
_d314952